| 000 | 00347nam a2200145Ia 4500 | ||
|---|---|---|---|
| 008 | 230917s9999||||xx |||||||||||||| ||und|| | ||
| 040 |
_e151392 _aMAIN |
||
| 041 | _aEnglish | ||
| 082 | _aB R15M:M | ||
| 100 | _aMishra Ram Narayan | ||
| 245 | 0 | _aMahadev Gobind Randede | |
| 260 |
_aPrayag _bIndian Press _c1934 |
||
| 300 | _a132 p. | ||
| 942 | _cBK | ||
| 999 |
_c201739 _d201739 |
||